000 00444nam a2200181Ia 4500
001 8401
005 20260306160606.0
008 260306t2016||||xx |||||||||||||| ||spa||
041 _aESP
082 _a370.72
_bB59M
100 _aBisquerra Alzina, Rafael
_eAUT
245 0 _aMetodología de la investigación educativa
260 _c2016
300 _a452 páginas :
_c21 cm.
650 _aGEN
654 _aCED
942 _cLIB
_dJUS
_fJUS
_2ddc
_n
999 _c8401
_d8401